000 00416nam a2200121Ia 4500
008 220615s9999||||xx |||||||||||||| ||und||
100 _aWorden, Robert||McLean, Sarah
245 0 _aMirage of Police Reform
_bProcedural Justice and Police Legitimacy
546 _aEnglish[eng]
650 _aLaw||Forensic Science
856 _uhttps://library.oapen.org/bitstream/20.500.12657/43755/1/external_content.pdf
942 _cEB
999 _c12834
_d12834